Marins de fiction - Statistiques

Statistiques générales
  • Ce quiz a été pris 44 fois
  • Le résultat moyen est 10 sur 28
Statistiques - réponses
Par images Réponse % Correct
Capitaine Haddock
98%
Killian Jones
95%
Popeye
93%
Capitaine Crochet
88%
Jack Sparrow
80%
Monkey D.Luffy
73%
Albator
68%
Ulysse
50%
Nemo
48%
Ragnar Lothbrok
48%
Sinbad
43%
Barbe-Rouge
40%
Prince Eric
40%
Corto Maltese
38%
Capitaine Flam
23%
Caspian X
18%
Capitaine Achab
15%
Gulliver
15%
Corlys Velaryon
13%
Jason
13%
Captain Iglo
8%
Gutt
8%
Linebeck
5%
Ryusui Nanami
5%
André Castagnier
3%
Long John Silver
3%
Ramsey
3%
Sturmhond
0%
Aucun quiz correspondant
Distribution des résultats
% des personnes avec chaque résultat
Percentile par nombre de réponses
Votre historique - résultats
Vous n’avez pas pris ce quiz